000 00618nam a22001697a 4500
003 OSt
005 20171010095519.0
008 120816t xxu||||| |||| 00| 0 eng d
040 _aMMSU
_cULS
100 _aFelipe, Efren M.
_912188
245 _aThe Mariano Marcos State University-Information and Technology Caravan (MMSU-ITC) as an extension strategy: a case study
_cEfren M. Felipe
260 _c2004
300 _axvii, 147 leaves
_c28 cm.
500 _aThesis (MS Rural Development) --Mariano Marcos State University-Graduate School, Laoag City
504 _aBibliography: leaves 104-109
942 _2ddc
_cTHEDIS
999 _c9757
_d9757